00463nam a2200157Ia 4500008004100000020001500041082001700056100001700073245005500090250000700145260003400152300002900186500001900215600002100234650005000255240925s9999 xx 000 0 und d a067232069x a005.2762 LAI aLair, Robert 0aPure ASP.Net: a code intensine preminum reference  aNA aNew Delhi:bTechmediac,2002. axiii,254p.bNAfOriginal aIncludes Index aComputer Science aComputer science, information & general works